| 000 | 00525nam a2200169 i 4500 | ||
|---|---|---|---|
| 001 | 141645 | ||
| 003 | ES-MaACL | ||
| 005 | 20230906200334.0 | ||
| 007 | t| | ||
| 008 | 070926s1969 sp ||||1| spa d | ||
| 100 | 1 |
_aVos, Fred. _9115743 |
|
| 245 | 1 | 0 |
_aVehículos blindados... / _cFred Vos ; Carros de combate en España por Ricardo Gómez Usatorre. |
| 260 |
_aMadrid : _bSan Martín, _c[1969] |
||
| 300 |
_a86 p. : _bil. ; _c15 cm. |
||
| 700 | 1 |
_aGómez Usatorre, Ricardo. _958180 |
|
| 852 |
_aES-MaACL _jC-36566 _bR.70487 |
||
| 999 |
_c141645 _d141645 |
||